| 000 | 01126nam a22002650a 4500 | ||
|---|---|---|---|
| 001 | PT14668 | ||
| 003 | AR-LpoUNG | ||
| 005 | 20210131232627.0 | ||
| 008 | 191001s1999||||ag |||||||||||||||||spa d | ||
| 020 |
_a9505374895 _c$22 |
||
| 040 |
_aAR-LpoUNG _bspa _cAR-LpoUNG _eaacr |
||
| 041 | _aspa | ||
| 044 | _aag | ||
| 082 | 0 | _a909.82 113bre | |
| 100 | 1 | _aSaborido, Jorge | |
| 245 | 1 | 0 | _aBreve historia económica del siglo XX |
| 260 |
_aBuenos Aires : _bMacchi, _c1999. |
||
| 300 |
_a187 p. : _bgráfs. |
||
| 520 | _aEl objetivo de este texto es ofrecer una síntesis de la historia económica mundial durante el período comprendido entre el estallido de la Primera Guerra Mundial y el derrunbamiento de los regímenes de la Europa del este, coincidente este hecho político con lo aspectos más salientes de un proceso de reestructuración económica a nivel mundial que marca una ruptura respecto de los rasgos que caracterizaron a la economía en las décadas precedentes. | ||
| 650 | 4 | _a1089 | |
| 651 | 4 | _aDOCUMENTOS TEORICOS O METODOLOGICOS | |
| 700 | 1 | _aBerenblum, Ruben L. | |
| 905 | _a14668 | ||
| 942 | _cLIB | ||
| 999 |
_c16632 _d16632 |
||